Historia de la música: la mejor historia sucinta de la música desde sus orígenes hasta el presente

Spremljeno u:
Bibliografski detalji
Glavni autor: Einstein, Alfred (Autor)
Format: Knjiga
Jezik:španjolski
Izdano: Buenos Aires Claridad 1965
Izdanje:5a. ed
Serija:Biblioteca Musical, 2
Teme:
Oznake: Dodaj oznaku
Bez oznaka, Budi prvi tko označuje ovaj zapis!

MARC

LEADER 00000nam a2200000 a 4500
001 UCN1656
003 CL-VaPUC
005 20241024144926.0
008 010427e19650000AG |||||||||||||||||spa|d
999 |c 294907  |d 294905 
040 |c Pontificia Universidad Católica de Valparaíso 
082 0 4 |a 780.9  |b EIN  |2 21 
100 0 |a Einstein, Alfred  |e author  |9 456896 
245 1 0 |a Historia de la música: la mejor historia sucinta de la música desde sus orígenes hasta el presente 
250 |a 5a. ed 
260 |a Buenos Aires  |b Claridad  |c 1965 
300 |a 185 p 
490 0 |a Biblioteca Musical, 2 
583 |a last modification  |c 20010427 00:00:00  |k Rodrigo Vera 
650 0 |a Música historia y crítica  |9 269146 
650 0 |a Música antigua  |9 391245 
650 0 |a Música medieval  |9 391244 
650 0 |a Canto gregoriano  |9 332477 
650 0 |a Música sacra  |9 306656 
650 0 |a Música instrumental moderna  |2 CL-VaPUC  |9 456897 
650 0 |a Romanticismo en la música  |9 306753 
650 0 |a Ópera  |2 CL-VaPUC  |9 306284 
650 0 |a Neorromanticismo  |2 CL-VaPUC  |9 456899 
650 0 |a Música nacionalista  |9 456900 
650 0 |a Música contemporánea  |9 306742 
942 |c BK  |2 ddc 
945 |d 20010427 00:00:00  |a crobeson 
952 |0 0  |1 0  |4 0  |6 780_900000000000000_EIN_1965  |7 0  |8 A  |9 347656  |a BIBEDU  |b BIBEDU  |d 2019-11-20  |i 1181203  |o 780.9 EIN 1965  |p 1181203  |r 2023-01-12  |w 2019-11-20  |y BK  |k MUS